Royal ludo [juego] /
Guardado en:
| Formato: | Objeto Físico |
|---|---|
| Publicado: |
Argentina :
Plastigal,
[200?]
|
| Materias: | |
| Etiquetas: |
Agregar Etiqueta
Sin Etiquetas, Sea el primero en etiquetar este registro!
|
| LEADER | 00690nrm a22001575g 4500 | ||
|---|---|---|---|
| 001 | CEM.cems019347 | ||
| 008 | 130507b200?##################0###0#####d | ||
| 005 | 20220830161713.0 | ||
| 003 | CEMS | ||
| 245 | 0 | 0 | |a Royal ludo [juego] / |c Plastigal |
| 260 | |a Argentina : |b Plastigal, |c [200?] | ||
| 300 | |a 1 juego (1 tablero plástico con cubilete matic, 4 peones azules, 4 amarillos, 4 verdes, 4 rojos) ; en caja 28 x 28 x 4 cm. + manual de instrucciones. | ||
| 500 | |a Para 2 a 4 participantes a partir de 6 años objetivo: llevar todas las fichas al destino antes que sus compañeros. | ||
| 082 | 0 | 4 | |a J794 |
| 653 | |a 1. juegos de estrategia tradicional | ||
| 859 | |a CEMS |b BIB. CEMS - Ludoteca |h J794 |i P696 |p 310.04 |t Ej.1 | ||
